00532 2200217 4500001002100000005001500021035002000036007000300056008004100059020002200100082001200122084001900134100001200153245004000165250001000205260003900215300002100254990001300275990001300288990001300301INLIS00000000000829220251218093502 a0010-0322000311ta251218 g 0 ind  a978-602-18895-5-8 a370.116 a370.116 BAR k0 aBarnawi1 aKINERJA GURU PROFESIONAL /cBarnawi acet.2 aYogyakarta :bAR-RUZZ MEDIA,c2017 a168 hlm ;c21 cm a022.7166 a022.7165 a022.7164